K problematice vzájemných vazeb medzi hospodářskou a sociální politikou.

Prechod k trhovému mechanizmu a aktívna sociálna politika. Vzájomné väzby ekonomickej a sociálnej politiky. Ciele sociálnej politiky. Vplyv sociálnej politiky na hospodársky rozvoj. Úloha štátu vo vývoji sociálnej politiky vyspelých krajín v 60.-80. rokoch. Koncepcia sociálnej politiky v súčasných p...

Descripción completa

Guardado en:
Detalles Bibliográficos
Autor principal: Průša, Ladislav
Formato: Capítulo de libro
Lenguaje:checo
Materias:
Etiquetas: Agregar Etiqueta
Sin Etiquetas, Sea el primero en etiquetar este registro!

MARC

LEADER 00000naa a2200000 4500
001 r007722
005 20220831085014.9
041 0 |a cze 
044 |a [CS] 
245 1 0 |a K problematice vzájemných vazeb medzi hospodářskou a sociální politikou.  |c L. Průša 
520 |a Prechod k trhovému mechanizmu a aktívna sociálna politika. Vzájomné väzby ekonomickej a sociálnej politiky. Ciele sociálnej politiky. Vplyv sociálnej politiky na hospodársky rozvoj. Úloha štátu vo vývoji sociálnej politiky vyspelých krajín v 60.-80. rokoch. Koncepcia sociálnej politiky v súčasných podmienkach. Stimulácia ekonomiky aktívneho obyvateľstva k snahe o zlepšenie vlastného ekonomického postavenia. 
610 2 0 |a politika hospodárska 
610 2 0 |a politika sociálna 
610 2 0 |a mechanizmus trhový 
610 2 0 |a rozvoj hospodársky 
610 2 0 |a koncepcie 
610 2 0 |a stimulovanie 
610 2 0 |a obyvateľstvo aktívne 
100 1 |a Průša, Ladislav